00695 a2200193 4500001000700000003000400007005001700011008004100028082001900069100001600088245006500104260004200169300001000211690011000221700001700331942001200348999001300360952012800373066692OSt20211006110756.0  a005.1336bH22C1 aSteeb, W.H.1 aComputer algebra with symbolic C++cby W.H. Steeb...[et.al.] aUKbWorld Scientific Publishingc2008 a583p. aAlgebra--Data processing; C++ (Computer program language); Object-oriented programming (Computer science) aYoric, Hardy 2ddccBK c707d707 00102ddc40708TXBaCURAJbCURAJd2012-03-07eCSCg2606.00l2o005.1336 H22Cp978r2024-11-21s2022-09-15w2020-09-02yBK